| 000 | 00442nam a22001457a 4500 | ||
|---|---|---|---|
| 082 | _aP-470 | ||
| 100 |
_aPC Saad Athar Rashid _948275 |
||
| 245 |
_aPreparation of fiber reinforced concrete using locally available material _cSaad Athar rashid, khalid mannan tariq |
||
| 260 |
_aRisalpur _bMCE _c2011 |
||
| 300 | _a58 P.: | ||
| 526 |
_a0 _b0 _c0 _dP_470 |
||
| 650 | _aProject | ||
| 700 |
_aMaj Shahzad Ul Hassan Aamir _948276 |
||
| 942 |
_2ddc _cBK |
||
| 999 |
_c551268 _d551268 |
||